History of the organization, equipment, and war services of the Regiment of Bengal Artillery (Record no. 552564)
[ view plain ]
| 000 -LEADER | |
|---|---|
| fixed length control field | 00671cam a2200157Ki 4500 |
| 082 ## - DEWEY DECIMAL CLASSIFICATION NUMBER | |
| Classification number | 358.120954 |
| Author Mark | STU |
| -- | D |
| 100 1# - MAIN ENTRY--PERSONAL NAME | |
| Personal name | Stubbs, Francis William, |
| 9 (RLIN) | 49798 |
| 245 10 - TITLE STATEMENT | |
| Title | History of the organization, equipment, and war services of the Regiment of Bengal Artillery |
| Statement of responsibility, etc. | compiled from published works, official records, and various private sources by Francis W. Stubbs. |
| 260 ## - PUBLICATION, DISTRIBUTION, ETC. | |
| Place of publication, distribution, etc. | London, England : |
| Name of publisher, distributor, etc. | H.S. King and co., |
| Date of publication, distribution, etc. | 1877-1895. |
| 300 ## - PHYSICAL DESCRIPTION | |
| Extent | 3 v. : |
| Other physical details | maps |
| 500 ## - GENERAL NOTE | |
| General note | v. 3 published by W.H. Allen and Co. |
| 526 ## - STUDY PROGRAM INFORMATION NOTE | |
| Program name | 0 |
| Interest level | 0 |
| Reading level | 0 |
| Title point value | 358_120954000000000_STU |
| 650 ## - SUBJECT ADDED ENTRY--TOPICAL TERM | |
| Topical term or geographic name entry element | MCE |
| 9 (RLIN) | 379 |
| 856 40 - ELECTRONIC LOCATION AND ACCESS | |
| Uniform Resource Identifier | <a href="http://catalog.hathitrust.org/api/volumes/oclc/3850720.html">http://catalog.hathitrust.org/api/volumes/oclc/3850720.html</a> |
| 942 ## - ADDED ENTRY ELEMENTS (KOHA) | |
| Source of classification or shelving scheme | |
| Koha item type | Book |
| Withdrawn status | Lost status | Source of classification or shelving scheme | Damaged status | Not for loan | Permanent Location | Current Location | Shelving location | Date acquired | Total Checkouts | Full call number | Barcode | Date last seen | Price effective from | Koha item type |
|---|---|---|---|---|---|---|---|---|---|---|---|---|---|---|
| Military College of Engineering (MCE) | Military College of Engineering (MCE) | 01/19/2015 | 358.120954 STU | MCE-ECH/19.1 | 01/19/2015 | 01/19/2015 | Book |
